| 000 | 00934cab a2200241 4500 | ||
|---|---|---|---|
| 001 | ABS53323 | ||
| 008 | 090401t1995 xxu||||| |||| 00| 0 eng d | ||
| 035 | _a(Sirsi) u3547 | ||
| 041 | _aeng | ||
| 100 | _aBayram, P. | ||
| 245 | _aIniquitous inequities persist depite phasing arrangement | ||
| 260 | _c1995 | ||
| 350 | _a0 | ||
| 490 |
_aProperty Week _v52(10 6 July 1995, 28(1) |
||
| 520 | _aDiscusses a change in the phasing rules whereby during the period of the 1990 list, any property that had a new entry inthe list, whether a brand new one or one that had been removed from the list during refurbishment works and then re-entered, were treated as new properties and excluded from the then phasing provisions. | ||
| 650 | _aRATING REVALUATION 1990 | ||
| 650 | _aBUSINESS RATES | ||
| 650 | _aPHASING RULES | ||
| 650 | _aRATING REVALUATION 1995 | ||
| 690 | _aRATING AND VALUATION | ||
| 942 | _n0 | ||
| 948 | _c04/03/1997 | ||
| 999 |
_c2183 _d2183 |
||